MARC details
| 000 -LEADER |
| fixed length control field |
02277cam a22004457a 4500 |
| 001 - CONTROL NUMBER |
| control field |
17125066 |
| 003 - CONTROL NUMBER IDENTIFIER |
| control field |
EG-ScBUE |
| 005 - DATE AND TIME OF LATEST TRANSACTION |
| control field |
20210614111018.0 |
| 008 - FIXED-LENGTH DATA ELEMENTS--GENERAL INFORMATION |
| fixed length control field |
120118t2006 maua f 001 0 eng d |
| 020 ## - INTERNATIONAL STANDARD BOOK NUMBER |
| International Standard Book Number |
9780619243784 |
| 020 ## - INTERNATIONAL STANDARD BOOK NUMBER |
| International Standard Book Number |
0619243783 |
| 035 ## - SYSTEM CONTROL NUMBER |
| System control number |
(OCoLC)ocn428032595 |
| 040 ## - CATALOGING SOURCE |
| Original cataloging agency |
BTCTA |
| Language of cataloging |
eng |
| Description conventions |
rda |
| Transcribing agency |
BTCTA |
| Modifying agency |
SFU |
| -- |
SZR |
| -- |
SGB |
| -- |
DLC |
| -- |
EG-ScBUE |
| 082 04 - DEWEY DECIMAL CLASSIFICATION NUMBER |
| Classification number |
005.2762 |
| Item number |
LAM |
| Edition number |
22 |
| 100 1# - MAIN ENTRY--PERSONAL NAME |
| Personal name |
Lambert, Kenneth Alfred, |
| Dates associated with a name |
1951- |
| Relator term |
author. |
| 245 10 - TITLE STATEMENT |
| Title |
Fundamentals of Java : |
| Remainder of title |
AP® computer science essentials, essentials for the A exam / |
| Statement of responsibility, etc |
Lambert and Osborne. |
| 250 ## - EDITION STATEMENT |
| Edition statement |
Third edition. |
| 264 #1 - PUBLICATION, DISTRIBUTION, ETC. (IMPRINT) |
| Place of publication, distribution, etc |
Boston, Massachusetts : |
| Name of publisher, distributor, etc |
Thomson Course Technology, |
| Date of publication, distribution, etc |
[2006] |
| 264 #4 - PUBLICATION, DISTRIBUTION, ETC. (IMPRINT) |
| Date of publication, distribution, etc |
c2006 |
| 300 ## - PHYSICAL DESCRIPTION |
| Extent |
1 volume (various pagings) : |
| Other physical details |
illustrations (some color) ; |
| Dimensions |
29 cm |
| 336 ## - CONTENT TYPE |
| Source |
rdacontent |
| Content type term |
text |
| Content type code |
txt |
| 337 ## - MEDIA TYPE |
| Source |
rdamedia |
| Media type term |
unmediated |
| Media type code |
n |
| 338 ## - CARRIER TYPE |
| Source |
rdacarrier |
| Carrier type term |
volume |
| Carrier type code |
nc |
| 500 ## - GENERAL NOTE |
| General note |
Includes index. |
| 500 ## - GENERAL NOTE |
| General note |
Includes appendices. |
| 505 0# - FORMATTED CONTENTS NOTE |
| Formatted contents note |
Background -- First Java programs -- Syntax, errors, and debugging -- Introduction to control statements -- Using classes and objects in media computing -- Introduction to defining classes -- Control statements continued -- Improving the user interface -- Introduction to HTML and applets -- Introduction to arrays -- Classes continued -- Arrays continued -- Recursion, complexity, and searching and sorting -- Introduction to collections -- Multithreading, networks, and client/server programming. |
| 521 ## - TARGET AUDIENCE NOTE |
| Target audience note |
Grades 9-12. |
| 650 #7 - SUBJECT ADDED ENTRY--TOPICAL TERM |
| Topical term or geographic name as entry element |
Java (Computer program language) |
| Source of heading or term |
BUEsh |
| 650 #7 - SUBJECT ADDED ENTRY--TOPICAL TERM |
| Topical term or geographic name as entry element |
Computer science |
| Form subdivision |
Examinations, questions, etc. |
| Source of heading or term |
BUEsh |
| 653 ## - INDEX TERM--UNCONTROLLED |
| Resource For college |
Informatics and Computer Science |
| Arrived date list |
June2021 |
| 655 ## - INDEX TERM--GENRE/FORM |
| Form subdivision |
Reading book |
| 9 (RLIN) |
34232 |
| 700 1# - ADDED ENTRY--PERSONAL NAME |
| Personal name |
Osborne, Martin, |
| Dates associated with a name |
1944- |
| Relator term |
author. |
| 710 2# - ADDED ENTRY--CORPORATE NAME |
| Corporate name or jurisdiction name as entry element |
Course Technology, Inc. |
| 9 (RLIN) |
3914 |
| 856 42 - ELECTRONIC LOCATION AND ACCESS |
| Materials specified |
Contributor biographical information |
| Uniform Resource Identifier |
<a href="http://www.loc.gov/catdir/enhancements/fy1303/2011499943-b.html">http://www.loc.gov/catdir/enhancements/fy1303/2011499943-b.html</a> |
| 856 42 - ELECTRONIC LOCATION AND ACCESS |
| Materials specified |
Publisher description |
| Uniform Resource Identifier |
<a href="http://www.loc.gov/catdir/enhancements/fy1303/2011499943-d.html">http://www.loc.gov/catdir/enhancements/fy1303/2011499943-d.html</a> |
| 856 41 - ELECTRONIC LOCATION AND ACCESS |
| Materials specified |
Table of contents only |
| Uniform Resource Identifier |
<a href="http://www.loc.gov/catdir/enhancements/fy1303/2011499943-t.html">http://www.loc.gov/catdir/enhancements/fy1303/2011499943-t.html</a> |
| 906 ## - LOCAL DATA ELEMENT F, LDF (RLIN) |
| a |
7 |
| b |
cbc |
| c |
copycat |
| d |
2 |
| e |
ncip |
| f |
20 |
| g |
y-gencatlg |
| 942 ## - ADDED ENTRY ELEMENTS (KOHA) |
| Source of classification or shelving scheme |
Dewey Decimal Classification |
| Koha item type |
Book - Borrowing |